| 000 | 01250cam a2200325 a 4500 | ||
|---|---|---|---|
| 999 |
_c21195 _d21195 |
||
| 001 | 14728633 | ||
| 003 | OSt | ||
| 005 | 20200615142440.0 | ||
| 008 | 070208s2006 ii b 001 0 eng d | ||
| 010 | _a 2007271783 | ||
| 020 | _a0195683994 | ||
| 020 | _a9780195683998 | ||
| 020 | _a9780195683998 | ||
| 035 | _a(OCoLC)ocm76827727 | ||
| 040 |
_aUUM _coclc _dBAKER _dYDXCP _dDLC |
||
| 042 | _alccopycat | ||
| 050 | 0 | 0 |
_aHM585 _b.A25 2006 |
| 082 | 0 | 0 |
_a301 _bABR/C |
| 100 |
_aAbraham, M Francis _92919 |
||
| 245 | 1 | 0 |
_aContemporary Sociology : _bAn introduction to concepts and theories / _cM. Francis Abraham |
| 260 |
_aOxford, UK ; _aNew York : _bOxford University Press, _cc2006. |
||
| 300 |
_axv, 283 p. ; _c24 cm. |
||
| 440 | 0 | _aOxford textbooks | |
| 504 | _aIncludes bibliographical references (p. [264]-267) and index. | ||
| 856 | 4 | 2 |
_3Publisher description _uhttp://www.loc.gov/catdir/enhancements/fy0726/2007271783-d.html |
| 856 | 4 | 1 |
_3Table of contents only _uhttp://www.loc.gov/catdir/enhancements/fy1101/2007271783-t.html |
| 906 |
_a7 _bcbc _ccopycat _d2 _encip _f20 _gy-gencatlg |
||
| 942 |
_2ddc _cBK _h301 _iABR/C _k301 _mABR/C |
||